export_success — 

The Environmental Impact of Sieben Linden Ecovillage.

Bibliographic Details
Main Author: Bocco, Andrea.
Other Authors: Gerace, Martina., Pollini, Susanna.
Format: eBook
Language:English
Published: Milton : Taylor & Francis Group, 2019.
Edition:1st ed.
Subjects:
Online Access:Click to View
LEADER 01957nam a22003973i 4500
001 EBC7244856
003 MiAaPQ
005 20231204023228.0
006 m o d |
007 cr cnu||||||||
008 231204s2019 xx o ||||0 eng d
020 |a 9780429626913  |q (electronic bk.) 
020 |z 9780367145644 
035 |a (MiAaPQ)EBC7244856 
035 |a (Au-PeEL)EBL7244856 
035 |a (OCoLC)1202538478 
040 |a MiAaPQ  |b eng  |e rda  |e pn  |c MiAaPQ  |d MiAaPQ 
082 0 |a 333.714094318 
100 1 |a Bocco, Andrea. 
245 1 4 |a The Environmental Impact of Sieben Linden Ecovillage. 
250 |a 1st ed. 
264 1 |a Milton :  |b Taylor & Francis Group,  |c 2019. 
264 4 |c Ã2019. 
300 |a 1 online resource (115 pages) 
336 |a text  |b txt  |2 rdacontent 
337 |a computer  |b c  |2 rdamedia 
338 |a online resource  |b cr  |2 rdacarrier 
505 0 |a Cover -- Half Title -- Title -- Copyright -- Contents -- List of figures -- List of tables -- Acknowledgements -- List of abbreviations -- Introduction -- 1 Sieben Linden ecovillage -- 2 The environmental impact of the Sieben Linden lifestyle -- 3 The environmental impact of the Sieben Linden buildings -- 4 Comparing daily impact and construction impact -- 5 Final remarks, recommendations and perspectives -- Index. 
588 |a Description based on publisher supplied metadata and other sources. 
590 |a Electronic reproduction. Ann Arbor, Michigan : ProQuest Ebook Central, 2023. Available via World Wide Web. Access may be limited to ProQuest Ebook Central affiliated libraries.  
655 4 |a Electronic books. 
700 1 |a Gerace, Martina. 
700 1 |a Pollini, Susanna. 
776 0 8 |i Print version:  |a Bocco, Andrea  |t The Environmental Impact of Sieben Linden Ecovillage  |d Milton : Taylor & Francis Group,c2019  |z 9780367145644 
797 2 |a ProQuest (Firm) 
856 4 0 |u https://ebookcentral.proquest.com/lib/matrademy/detail.action?docID=7244856  |z Click to View